Recherches critiques sur les relations politiques de la France avec l'Allemagne, de 1292 à 1378 / (Record no. 177710)
[ view plain ]
| 000 -LEADER | |
|---|---|
| campo de control de longitud fija | 00873namaa2200205 i 4500 |
| 001 - NÚMERO DE CONTROL | |
| campo de control | 177710 |
| 003 - IDENTIFICADOR DE NÚMERO DE CONTROL | |
| campo de control | ES-MaACL |
| 005 - FECHA Y HORA DE LA ÚLTIMA TRANSACCIÓN | |
| campo de control | 20260306063017.0 |
| 008 - DATOS DE LONGITUD FIJA--INFORMACIÓN GENERAL | |
| campo de control de longitud fija | 110413s1882 fr | |||| ||fre d |
| 100 1# - ENTRADA PRINCIPAL--NOMBRE DE PERSONA | |
| Nombre de persona | Leroux, Alfred, |
| Fechas asociadas al nombre | 1855-1921 |
| 9 (RLIN) | 146171 |
| 245 10 - MENCIÓN DEL TÍTULO | |
| Título | Recherches critiques sur les relations politiques de la France avec l'Allemagne, de 1292 à 1378 / |
| Mención de responsabilidad, etc. | par Alfred Leroux. |
| 260 ## - PUBLICACIÓN, DISTRIBUCIÓN, ETC. | |
| Lugar de publicación, distribución, etc. | Paris : |
| Nombre del editor, distribuidor, etc. | F. Vieweg, |
| Fecha de publicación, distribución, etc. | 1882. |
| 300 ## - DESCRIPCIÓN FÍSICA | |
| Extensión | XI 288 p. [2] h. ; |
| Dimensiones | 25 cm. |
| 490 1# - MENCIÓN DE SERIE | |
| Mención de serie | Bibliothéque de l'école des hautes études. Sciences philologiques et historiques ; |
| Designación de volumen o secuencia | fasc. 50 |
| 651 ## - PUNTO DE ACCESO ADICIONAL DE MATERIA--NOMBRE GEOGRÁFICO | |
| Nombre geográfico | Francia- |
| Subdivisión general | Relaciones- |
| Subdivisión geográfica | Alemania. |
| 9 (RLIN) | 146172 |
| 651 ## - PUNTO DE ACCESO ADICIONAL DE MATERIA--NOMBRE GEOGRÁFICO | |
| Nombre geográfico | Alemania- |
| Subdivisión general | Relaciones- |
| Subdivisión geográfica | Francia. |
| 9 (RLIN) | 146173 |
| 830 00 - PUNTO DE ACCESO ADICIONAL DE SERIE-TÍTULO UNIFORME | |
| Título uniforme | Bibliothèque de l'École des Hautes Études. Sciences historiques et philologiques |
| Designación de volumen o secuencia | fasc. 50 |
| 9 (RLIN) | 229685 |
| 852 ## - LOCALIZACIÓN | |
| Ubicación | ES-MaACL |
| Número de control de estantería | C-7586 |
| Estatus retirado | Estado de pérdida | Estado de daño | No para préstamo | Colección | Biblioteca de origen | Biblioteca actual | Ubicación en estantería | Fecha de adquisición | Fuente de adquisición | Total de préstamos | Signatura topográfica completa | Código de barras | Visto por última vez | Precio de reemplazo | Tipo de ítem Koha |
|---|---|---|---|---|---|---|---|---|---|---|---|---|---|---|---|
| Libros del s. XIX | Biblioteca del Ateneo de Madrid | Biblioteca del Ateneo de Madrid | Sala Palomar | 13/04/2011 | C-7586 | 1186661 | 23/02/2023 | 23/02/2023 | Libro impreso antiguo |
